Only yourself to blame (Record no. 68273)
[ view plain ]
| 000 -LEADER | |
|---|---|
| fixed length control field | 01520cam a2200229 4500 |
| 001 - CONTROL NUMBER | |
| control field | ABS64471 |
| 008 - FIXED-LENGTH DATA ELEMENTS--GENERAL INFORMATION | |
| fixed length control field | 010917n2001 000 0 eng u |
| 035 ## - SYSTEM CONTROL NUMBER | |
| System control number | (Sirsi) u114592 |
| 100 ## - MAIN ENTRY--PERSONAL NAME | |
| Personal name | Barnes, R. |
| 245 ## - TITLE STATEMENT | |
| Title | Only yourself to blame |
| 260 ## - PUBLICATION, DISTRIBUTION, ETC. | |
| Date of publication, distribution, etc. | 2001 |
| 490 ## - SERIES STATEMENT | |
| Series statement | Building |
| Volume/sequential designation | 266(8199) 31 August 2001, 51(1) |
| 520 ## - SUMMARY, ETC. | |
| Summary, etc. | Considers the response of contractors to the court's ruling in "Blyth & Blyth". The case involved the contractor Carillion, which had been engaged to build a leisure centre in Scotland on a fixed-price design-and-build contract whereby it took on liability for the engineer, "Blyth & Blyth's", design. Carillion subsequently found it had under-tendered because of allegedly inaccurate information provided by the engineer as to the employer's requirements. Its' subsequent claim against "Blyth & Blyth" failed. The courts ruled that the duty owed by the engineer to the employer could not be changed in retrospect. In the light of this ruling notes that many concerned contractors are attempting to get consultants to sign agreements that could enable them to recover losses in a similar situation. Warns contractors they are likely to be disappointed if they attempt to pass on this risk. |
| 590 ## - LOCAL NOTE (RLIN) | |
| Local note | ABS |
| 650 ## - SUBJECT ADDED ENTRY--TOPICAL TERM | |
| Topical term or geographic name entry element | BLYTH AND BLYTH V CARILLION CONSTRUCTION LTD |
| 650 ## - SUBJECT ADDED ENTRY--TOPICAL TERM | |
| Topical term or geographic name entry element | FIXED-PRICE CONTRACTS |
| 650 ## - SUBJECT ADDED ENTRY--TOPICAL TERM | |
| Topical term or geographic name entry element | DESIGN AND BUILD CONTRACTS |
| 650 ## - SUBJECT ADDED ENTRY--TOPICAL TERM | |
| Topical term or geographic name entry element | CONSULTANTS LIABILITIES |
| 650 ## - SUBJECT ADDED ENTRY--TOPICAL TERM | |
| Topical term or geographic name entry element | TENDERS |
| 690 ## - LOCAL SUBJECT ADDED ENTRY--TOPICAL TERM (OCLC, RLIN) | |
| Topical term or geographic name as entry element | BUILT ENVIRONMENT-BUILDING CONTRACT FORMS |
| 942 ## - ADDED ENTRY ELEMENTS (KOHA) | |
| Suppress in OPAC | 0 |
| Withdrawn status | Lost status | Source of classification or shelving scheme | Damaged status | Not for loan | Home library | Current library | Shelving location | Date acquired | Total Checkouts | Full call number | Barcode | Date last seen | Copy number | Price effective from | Koha item type |
|---|---|---|---|---|---|---|---|---|---|---|---|---|---|---|---|
| Dewey Decimal Classification | London | London | Journal article | 17/09/2001 | ABS64471 | 114592-1001 | 06/08/2019 | 1 | 06/08/2019 | Journal article |